Tilastot visalle Pohjoismaa-visa

Klikkaa tästä pelataksesi tätä visaa!

Yleistilastot

  • Tätä visaa on pelattu 114 kertaa
  • Keskiarvotulos 19 / 27

Vastaustilastot

HintVastaus% Oikein
MaaNorja
99%
MaaRuotsi
98%
MaaSuomi
98%
MaaIslanti
96%
MaaTanska
96%
PääkaupunkiHelsinki
93%
PääkaupunkiTukholma
93%
PääkaupunkiOslo
92%
PääkaupunkiReykjavík
90%
PääkaupunkiKööpenhamina
89%
ValtameriAtlantti
88%
MeriItämeri
88%
NaapurimaatVenäjä
88%
NaapurimaatSaksa
80%
ValtameriJäämeri
77%
2.suurin kaupunkiEspoo
76%
ItsehallintoalueAhvenanmaan
75%
MeriPohjanmeri
69%
2.suurin kaupunkiGöteborg
63%
ItsehallintoalueGrönlanti
59%
2.suurin kaupunkiBergen
51%
MeriNorjanmeri
40%
ItsehallintoalueFärsaaret
36%
2.suurin kaupunkiAarhus
33%
MeriBarentsinmeri
7%
MeriGrönlanninmeri
7%
2.suurin kaupunkiKopavogur
4%

Tulosjakauma

Persentiili vastausten määrän mukaan

Jokaisen tuloksen saaneiden osuus

Tuloshistoriasi

Et ole pelannut tätä visaa